000 00300nam a2200133 4500
008 181102b xxu||||| |||| 00| 0 eng d
020 _a0721654967
041 _aeng
080 _210th
_a159.9
100 _a49
101 _aPSI
245 _aModern Clinical Psychiatry
_cKolb,L.C
942 _2ddc
_cBK
999 _c51638
_d51638